Villes françaises en coréen - Statistiques

Statistiques générales
  • Ce quiz a été pris 23 fois
  • Le résultat moyen est 14 sur 16
Statistiques - réponses
Hint Réponse % Correct
Lille
100%
마르세유 Marseille
100%
파리 Paris
100%
툴루즈 Toulouse
94%
안시 Annecy
88%
메스 Metz
88%
몽펠리에 Montpellier
88%
낭시 Nancy
88%
생테티엔 Saint-Étienne
88%
엑상프로방스 Aix-en-Provence
81%
보르도 Bordeaux
81%
르망 Le Mans
81%
루앙 Rouen
81%
투르 Tours
75%
르아브르 Le Havre
69%
클레르몽페랑 Clermont-Ferrand
56%
Aucun quiz correspondant
Distribution des résultats
% des personnes avec chaque résultat
Percentile par nombre de réponses
Votre historique - résultats
Vous n’avez pas pris ce quiz